000
00342nam a22001577a 4500
003
SGT
020
_a
9789354651403
082
_a
617
_b
G24S
100
_a
SHENOY, K. JAYARAMA
245
_a
GOLDEN NOTES IN SURGERY
250
_a
1ST
260
_a
INDIA
_b
JAYPEE PUB
_c
2024
300
_a
650
650
_a
GENERAL SURGERY
942
_2
ddc
_c
BK
999
_c
33560
_d
33560